000 01039nam2a2200277 4500
001 RU\NLR\bibl\1061830
005 20250615040945.0
010 _a5-17-041285-1
_bАСТ т. 1
010 _a5-271-15682-6
_bАстрель т. 1
010 _a5-9762-2363-X
_bХранитель т. 1
_95000
021 _aRU
_b2007-6445
_9342
035 _a(NLR Aleph) 001049096
090 _a867049
_c867049
100 _a20070321d2007 |||y0rusy50 ca
101 0 _arus
102 _aRU
105 _ay |||||||||
200 0 _aТ. 1
210 _d2007
_aБ. м.
215 _a796,[1] с.
461 0 _1001RU\NLR\bibl\1063395
_12001#$aВторая мировая война, 1959-1964$vТ. 1
_9876431
_aЛипилин, В. С.
_cМосква
_d2006
_fВладимир Липилин
_nАстрель [и др.]
_oальтернативный вариант : в 2 т.
_tВторая мировая война, 1959-1964
_y5-17-013807-5
_vТ. 1
801 0 _aRU
_bNLR
_c20070321
_gRCR
801 1 _aRU
_bNLR
_c20070321
942 _cBOOK
980 _aNB